[Event "2. Bundesliga Ost 2014/2015"]
[Site "1020 Wien, Haus des Schachsports, Marathonweg 14"]
[Date "2014.11.15"]
[Round "3"]
[Board "5"]
[White "Higatsberger, Michael"]
[Black "Hechl, Gerald"]
[Result "1-0"]
[WhiteElo "2137"]
[BlackElo "2180"]
[PlyCount "83"]
[EventDate "2014.10.18"]
[EventType "team"]
[EventRounds "11"]
[EventCountry "AUT"]
[WhiteTeam "SK Austria"]
[BlackTeam "SC Data Technology Pressbaum/E."]

1. e4 d6 2. d4 Nf6 3. Nc3 g6 4. Be3 c6 5. Qd2 b5 6. Bd3 Nbd7 7. f3 Nb6 8. g4 h5
9. g5 Nfd7 10. f4 Bb7 11. Nf3 b4 12. Nd1 c5 13. c3 d5 14. e5 e6 15. O-O Nc4 16.
Qe2 a5 17. Nh4 Nxe3 18. Nxe3 Qb6 19. Rad1 Ba6 20. Bxa6 Qxa6 21. Qxa6 Rxa6 22.
Nf3 Nb6 23. Kf2 Na4 24. cxb4 axb4 25. Rb1 cxd4 26. Nxd4 Bc5 27. Nb3 Ba7 28.
Rfc1 O-O 29. Ke2 Bxe3 30. Kxe3 Nb6 31. Rc7 Rxa2 32. Nc5 d4+ 33. Kxd4 Rd8+ 34.
Ke4 Nc4 35. Rc1 Nd2+ 36. Ke3 Rxb2 37. Rd7 Rxd7 38. Nxd7 Kg7 39. Nf6 b3 40. Rc8
Nf1+ 41. Ke4 Nd2+ 42. Kd3 1-0

[Event "2. Bundesliga Ost 2014/2015"]
[Site "1020 Wien, Haus des Schachsports, Marathonweg 14"]
[Date "2014.11.15"]
[Round "3"]
[Board "6"]
[White "Lucaci, Marius"]
[Black "Rogetzer, Klaus"]
[Result "1-0"]
[WhiteElo "2169"]
[BlackElo "2111"]
[PlyCount "47"]
[EventDate "2014.10.18"]
[EventType "team"]
[EventRounds "11"]
[EventCountry "AUT"]
[WhiteTeam "SC Data Technology Pressbaum/E."]
[BlackTeam "SK Austria"]

1. e4 c6 2. d4 d5 3. Nc3 dxe4 4. Nxe4 Bf5 5. Ng3 Bg6 6. Nf3 Nd7 7. h4 h6 8. Bd3
Bxd3 9. Qxd3 Qc7 10. O-O Ngf6 11. Re1 e6 12. c4 Bd6 13. d5 O-O 14. dxe6 Nc5 15.
exf7+ Rxf7 16. Qg6 Bxg3 17. fxg3 Nce4 18. Bxh6 Qxg3 19. Qxg3 Nxg3 20. Bf4 Nfe4
21. Be5 Rd8 22. Kh2 Rxf3 23. gxf3 Rd2+ 24. Kh3 1-0

[Event "2. Bundesliga Ost 2014/2015"]
[Site "1020 Wien, Haus des Schachsports, Marathonweg 14"]
[Date "2014.11.15"]
[Round "3"]
[Board "2"]
[White "Lipka, Juraj"]
[Black "Tuncer, Ufuk"]
[Result "1/2-1/2"]
[WhiteElo "2412"]
[BlackElo "2322"]
[PlyCount "100"]
[EventDate "2014.10.18"]
[EventType "team"]
[EventRounds "11"]
[EventCountry "AUT"]
[WhiteTeam "ASVOE Pamhagen"]
[BlackTeam "SK Advisory Invest Baden"]

1. Nf3 Nf6 2. c4 g6 3. g3 Bg7 4. Bg2 O-O 5. O-O d5 6. cxd5 Nxd5 7. d4 Nb6 8.
Nc3 Nc6 9. d5 Na5 10. e4 c6 11. Bf4 cxd5 12. exd5 Nac4 13. Qe2 Bg4 14. h3 Bxf3
15. Bxf3 Rc8 16. Rac1 Nd6 17. Rfe1 Re8 18. Nb5 Rxc1 19. Rxc1 Qd7 20. Nxd6 exd6
21. Qd2 Be5 22. h4 Bxf4 23. Qxf4 Re5 24. Qd4 Qb5 25. Kg2 Qd7 26. b3 Qd8 27. a4
a5 28. b4 Nxa4 29. Qa7 Re7 30. Qxa5 Qxa5 31. bxa5 Nc5 32. Rb1 Rd7 33. Rb6 Kf8
34. Be2 Ke7 35. h5 gxh5 36. Kh3 Rd8 37. Kh4 Ra8 38. Rb5 Kf6 39. f4 Re8 40. Bxh5
Re1 41. g4 h6 42. g5+ hxg5+ 43. fxg5+ Kg7 44. Bg4 Re4 45. Kh3 Re3+ 46. Kh4 Rb3
47. Rb6 Rxb6 48. axb6 Na4 49. Bc8 Nxb6 50. Bxb7 Kg6 1/2-1/2

[Event "2. Bundesliga Ost 2014/2015"]
[Site "1020 Wien, Haus des Schachsports, Marathonweg 14"]
[Date "2014.11.15"]
[Round "3"]
[Board "3"]
[White "Sharashenidze, Akaki"]
[Black "Vitouch, Anatol"]
[Result "1-0"]
[WhiteElo "2304"]
[BlackElo "2314"]
[PlyCount "123"]
[EventDate "2014.10.18"]
[EventType "team"]
[EventRounds "11"]
[EventCountry "AUT"]
[WhiteTeam "SK Advisory Invest Baden"]
[BlackTeam "ASVOE Pamhagen"]

1. e4 c5 2. c3 d5 3. exd5 Qxd5 4. d4 g6 5. Nf3 Bg7 6. Be3 cxd4 7. Nxd4 Nf6 8.
Nb5 Qxd1+ 9. Kxd1 Nd5 10. Bxa7 Nc6 11. Bc5 O-O 12. f3 Rd8 13. Ke1 Bf5 14. Nd2
Nf4 15. Ne4 Ra4 16. Nf2 Ne5 17. Nd4 Bd3 18. b3 Raa8 19. a4 Rac8 20. b4 Bxf1 21.
Kxf1 Nc4 22. Ne4 f5 23. Ng5 Bxd4 24. cxd4 b6 25. g3 Nd5 26. Ne6 Rd7 27. a5 bxc5
28. Nxc5 Ra7 29. Kg2 Nxb4 30. Ra4 Nd5 31. a6 Rb8 32. Re1 Nd6 33. Re5 Nc3 34.
Ra1 Rb2+ 35. Kh1 Rb1+ 36. Rxb1 Nxb1 37. g4 Nd2 38. Kg2 N2c4 39. Re1 Nb5 40. Rb1
Ncd6 41. Rb4 Kf7 42. h4 Nc7 43. Kg3 Ne6 44. h5 f4+ 45. Kf2 g5 46. Ke2 Nxc5 47.
dxc5 Nc8 48. Ra4 Ke6 49. Kd3 Kd7 50. Ke4 e6 51. Ke5 Ke7 52. Rb4 Rxa6 53. Rb7+
Kd8 54. Rxh7 Ra3 55. Kxe6 Rxf3 56. Rh8+ Kc7 57. Kf6 Rf1 58. h6 f3 59. h7 Ne7
60. Rf8 Rh1 61. Kg7 Rh3 62. Rf7 1-0

[Event "2. Bundesliga Ost 2014/2015"]
[Site "1020 Wien, Haus des Schachsports, Marathonweg 14"]
[Date "2014.11.15"]
[Round "3"]
[Board "4"]
[White "Jacko, Vladimir"]
[Black "Rudolf, Herbert"]
[Result "1-0"]
[WhiteElo "2269"]
[BlackElo "2144"]
[PlyCount "53"]
[EventDate "2014.10.18"]
[EventType "team"]
[EventRounds "11"]
[EventCountry "AUT"]
[WhiteTeam "ASVOE Pamhagen"]
[BlackTeam "SK Advisory Invest Baden"]

1. e4 c5 2. Nf3 d6 3. d4 cxd4 4. Nxd4 Nf6 5. Nc3 Nc6 6. Bc4 Qb6 7. Nb3 e6 8.
Be3 Qc7 9. Be2 Be7 10. f4 O-O 11. O-O a6 12. Bf3 b5 13. a3 Bb7 14. g4 Nd7 15.
Qe2 Nb6 16. Rad1 Nc4 17. Bc1 Rac8 18. Bg2 Rfe8 19. g5 Bf8 20. Kh1 Ne7 21. Rd3
d5 22. Rh3 dxe4 23. Nxe4 Nf5 24. Qh5 h6 25. gxh6 Nxh6 26. Rg1 Be7 27. Bf3 1-0

[Event "2. Bundesliga Ost 2014/2015"]
[Site "1020 Wien, Haus des Schachsports, Marathonweg 14"]
[Date "2014.11.15"]
[Round "3"]
[Board "5"]
[White "Juenger, Heinz"]
[Black "Alvir, Aco"]
[Result "1/2-1/2"]
[WhiteElo "2110"]
[BlackElo "2343"]
[PlyCount "56"]
[EventDate "2014.10.18"]
[EventType "team"]
[EventRounds "11"]
[EventCountry "AUT"]
[WhiteTeam "SK Advisory Invest Baden"]
[BlackTeam "ASVOE Pamhagen"]

1. d4 Nf6 2. c4 g6 3. g3 Bg7 4. Bg2 O-O 5. Nf3 d6 6. Nc3 c6 7. O-O Qa5 8. e4 e5
9. h3 Nbd7 10. Re1 exd4 11. Nxd4 Ne5 12. Bf1 Be6 13. Nxe6 fxe6 14. Rb1 c5 15.
a3 Rad8 16. b4 Qc7 17. b5 Nh5 18. Re3 Nf7 19. b6 axb6 20. Nb5 Qe7 21. Rd3 Ne5
22. Rxd6 Nf3+ 23. Kg2 Rxd6 24. Qxd6 Qf6 25. Be3 Bh6 26. Qd3 Rd8 27. Qe2 Bxe3
28. Qxe3 Ne5 1/2-1/2

[Event "2. Bundesliga Ost 2014/2015"]
[Site "1020 Wien, Haus des Schachsports, Marathonweg 14"]
[Date "2014.11.15"]
[Round "3"]
[Board "6"]
[White "Kuthan, Andreas"]
[Black "Herndlbauer, Martin"]
[Result "1-0"]
[WhiteElo "2208"]
[BlackElo "2110"]
[PlyCount "43"]
[EventDate "2014.10.18"]
[EventType "team"]
[EventRounds "11"]
[EventCountry "AUT"]
[WhiteTeam "ASVOE Pamhagen"]
[BlackTeam "SK Advisory Invest Baden"]

1. d4 d5 2. c4 c6 3. Nc3 Nf6 4. e3 Bf5 5. cxd5 cxd5 6. Qb3 Bc8 7. Nf3 a6 8. Bd3
Nc6 9. O-O Na5 10. Qc2 b5 11. e4 dxe4 12. Nxe4 Nd5 13. Bd2 Bb7 14. Nc5 Bc6 15.
Ne5 Rc8 16. Nxa6 e6 17. Nxc6 Qb6 18. Bxa5 Qxa6 19. Rac1 Nf4 20. Nb4 Rxc2 21.
Nxa6 Rxc1 22. Bxb5+ 1-0

[Event "2. Bundesliga Ost 2014/2015"]
[Site "1020 Wien, Haus des Schachsports, Marathonweg 14"]
[Date "2014.11.15"]
[Round "3"]
[Board "1"]
[White "Stanec, Nikolaus"]
[Black "Weinzettl, Ernst"]
[Result "0-1"]
[WhiteElo "2492"]
[BlackElo "2297"]
[PlyCount "98"]
[EventDate "2014.10.18"]
[EventType "team"]
[EventRounds "11"]
[EventCountry "AUT"]
[WhiteTeam "SC Donaustadt"]
[BlackTeam "ASVOE VHS Poechlarn"]

1. c4 g6 2. Nc3 Bg7 3. g3 d6 4. Bg2 Nf6 5. e4 c5 6. Nge2 Nc6 7. d3 Bg4 8. f3
Bd7 9. Be3 O-O 10. O-O a6 11. a4 Rb8 12. d4 cxd4 13. Nxd4 Qb6 14. Qb3 Qxb3 15.
Nxb3 b6 16. Nd2 Rfc8 17. Rfc1 Be6 18. Bf1 Nd7 19. Rab1 Nc5 20. b3 Nb4 21. Nd5
Bxd5 22. cxd5 b5 23. axb5 axb5 24. Kg2 Ncd3 25. Bxd3 Nxd3 26. Rxc8+ Rxc8 27.
Kf1 Nb4 28. f4 f5 29. Ke2 fxe4 30. Nxe4 Nxd5 31. Rc1 Rxc1 32. Bxc1 Nc3+ 33. Kd3
Nxe4 34. Kxe4 e6 35. g4 Kf7 36. h3 d5+ 37. Kf3 Bc3 38. Be3 Kf6 39. Bb6 h6 40.
Bd8+ Kf7 41. Ke3 Bf6 42. Bb6 Bb2 43. Kf3 g5 44. Be3 Kf6 45. Bd2 Kg6 46. Be1 Bc1
47. fxg5 hxg5 48. h4 gxh4 49. Bxh4 e5 0-1

[Event "2. Bundesliga Ost 2014/2015"]
[Site "1020 Wien, Haus des Schachsports, Marathonweg 14"]
[Date "2014.11.15"]
[Round "3"]
[Board "2"]
[White "Ganaus, Hannes"]
[Black "Pingitzer, Harald"]
[Result "0-1"]
[WhiteElo "2322"]
[BlackElo "2269"]
[PlyCount "71"]
[EventDate "2014.10.18"]
[EventType "team"]
[EventRounds "11"]
[EventCountry "AUT"]
[WhiteTeam "ASVOE VHS Poechlarn"]
[BlackTeam "SC Donaustadt"]

1. e4 c6 2. d4 d5 3. e5 Bf5 4. Nf3 e6 5. Be2 c5 6. O-O Ne7 7. c3 Nec6 8. Nbd2
cxd4 9. Nxd4 Nxd4 10. cxd4 Nc6 11. Nf3 Qb6 12. Qa4 Be4 13. Rd1 Qb4 14. Qxb4
Bxb4 15. Be3 Bxf3 16. Bxf3 Kd7 17. Be2 Rhc8 18. g4 Be7 19. Rab1 a6 20. Kg2 b5
21. Kg3 Nb4 22. a3 Nc2 23. h4 h6 24. Rbc1 f6 25. Bd3 Nxe3 26. fxe3 fxe5 27.
dxe5 Rxc1 28. Rxc1 g5 29. hxg5 Bxg5 30. Re1 Rf8 31. a4 Kc6 32. axb5+ axb5 33.
b4 Ra8 34. Bg6 Ra3 35. Be8+ Kb6 36. Kf2 0-1

[Event "2. Bundesliga Ost 2014/2015"]
[Site "1020 Wien, Haus des Schachsports, Marathonweg 14"]
[Date "2014.11.15"]
[Round "3"]
[Board "3"]
[White "Kummer, Helmut"]
[Black "Wilke, Werner"]
[Result "0-1"]
[WhiteElo "2354"]
[BlackElo "2225"]
[PlyCount "114"]
[EventDate "2014.10.18"]
[EventType "team"]
[EventRounds "11"]
[EventCountry "AUT"]
[WhiteTeam "SC Donaustadt"]
[BlackTeam "ASVOE VHS Poechlarn"]

1. d4 d5 2. c4 e6 3. Nc3 Nf6 4. Bg5 Be7 5. e3 h6 6. Bh4 O-O 7. Nf3 Ne4 8. Bxe7
Qxe7 9. Rc1 c6 10. Bd3 Nxc3 11. Rxc3 Nd7 12. Qc2 dxc4 13. Bxc4 b6 14. Bd3 c5
15. Bh7+ Kh8 16. Be4 Rb8 17. O-O Bb7 18. Bxb7 Rxb7 19. Rc1 Rc7 20. b4 Rfc8 21.
bxc5 bxc5 22. h3 Kg8 23. e4 e5 24. d5 Rb7 25. Nd2 Rb4 26. a3 Rb7 27. Nc4 Rcb8
28. Qd3 Qg5 29. Qe3 Qg6 30. Na5 Rb2 31. Nc6 Re8 32. Re1 f5 33. exf5 Qxf5 34.
Qg3 Rd2 35. Rf3 Qh5 36. Nxa7 Rxd5 37. Nb5 e4 38. Rf4 Rd3 39. Re3 c4 40. Nc3 Nc5
41. Nxe4 Qd1+ 42. Kh2 Rxe4 43. Rg4 Rxg4 44. hxg4 Rxe3 45. Qxe3 Qd6+ 46. g3 Nd3
47. f4 Qd7 48. Qe4 Nb2 49. f5 c3 50. f6 Nd1 51. Qc4+ Kf8 52. fxg7+ Kxg7 53. Kh3
h5 54. Kh2 hxg4 55. Kg1 Qa7+ 56. Kh1 Qb7+ 57. Kg1 Qg2+ 0-1

[Event "2. Bundesliga Ost 2014/2015"]
[Site "1020 Wien, Haus des Schachsports, Marathonweg 14"]
[Date "2014.11.15"]
[Round "3"]
[Board "4"]
[White "Loidl, Florian"]
[Black "Karlusch, Albrecht"]
[Result "0-1"]
[WhiteElo "2208"]
[BlackElo "2129"]
[PlyCount "80"]
[EventDate "2014.10.18"]
[EventType "team"]
[EventRounds "11"]
[EventCountry "AUT"]
[WhiteTeam "ASVOE VHS Poechlarn"]
[BlackTeam "SC Donaustadt"]

1. c4 Nf6 2. g3 g6 3. Bg2 Bg7 4. Nc3 c6 5. e4 d6 6. Nge2 O-O 7. d3 e5 8. O-O
Nh5 9. Kh1 f5 10. exf5 gxf5 11. f4 Nd7 12. Ng1 Ndf6 13. fxe5 dxe5 14. Bg5 Qe8
15. Qe2 Ng4 16. Bf3 Qg6 17. Bxg4 fxg4 18. Rxf8+ Kxf8 19. Rf1+ Kg8 20. Ne4 Bf5
21. Bh4 Rf8 22. Kg2 b6 23. Rf2 Rf7 24. Qe3 Bh6 25. Ng5 Ng7 26. h3 gxh3+ 27. Kh2
Ne6 28. N1f3 Nxg5 29. Bxg5 Bxg5 30. Nxg5 Re7 31. g4 Bxg4 32. Ne4 Bf5 33. Qf3
Rf7 34. Ng3 Bxd3 35. Qe3 Rxf2+ 36. Qxf2 Bxc4 37. Qd2 Bd5 38. b4 h5 39. b5 h4
40. Nf1 Qg2+ 0-1

[Event "2. Bundesliga Ost 2014/2015"]
[Site "1020 Wien, Haus des Schachsports, Marathonweg 14"]
[Date "2014.11.15"]
[Round "3"]
[Board "5"]
[White "Schwab, Rene"]
[Black "Gratze, Michael"]
[Result "1-0"]
[WhiteElo "2217"]
[BlackElo "2017"]
[PlyCount "117"]
[EventDate "2014.10.18"]
[EventType "team"]
[EventRounds "11"]
[EventCountry "AUT"]
[WhiteTeam "SC Donaustadt"]
[BlackTeam "ASVOE VHS Poechlarn"]

1. e4 e6 2. d4 d5 3. exd5 exd5 4. Bf4 Bd6 5. Qf3 Nf6 6. Bd3 O-O 7. h3 Nc6 8. c3
Re8+ 9. Ne2 Bxf4 10. Qxf4 Ne7 11. Na3 c6 12. Nc2 Ng6 13. Qd2 Nh4 14. Qg5 Ne4
15. Qxd8 Rxd8 16. O-O Bf5 17. Ne3 Nxc3 18. Nxc3 Bxd3 19. Rfc1 Nf5 20. Nxf5 Bxf5
21. b4 Bd3 22. a4 Bc4 23. a5 b5 24. Re1 Re8 25. f3 f6 26. Kf2 Kf7 27. Rac1 Rxe1
28. Rxe1 Re8 29. Re3 g6 30. Nd1 Rxe3 31. Nxe3 Bb3 32. h4 Ke6 33. Ng4 h5 34. Ne3
c5 35. bxc5 b4 36. Ke2 Kd7 37. g4 Kc6 38. f4 hxg4 39. f5 Ba2 40. fxg6 Bb1 41.
g7 Bh7 42. Nxg4 b3 43. Kd2 b2 44. g8=Q Bxg8 45. Kc2 f5 46. Ne5+ Kb5 47. h5 Kxa5
48. Kxb2 Kb5 49. Ng6 Bh7 50. Nf4 Kc6 51. Ka3 Bg8 52. h6 Bh7 53. Kb4 Bg8 54. Ka5
Bh7 55. Ka6 Bg8 56. Kxa7 Bh7 57. Kb8 Bg8 58. Kc8 Kb5 59. Kd7 1-0

[Event "2. Bundesliga Ost 2014/2015"]
[Site "1020 Wien, Haus des Schachsports, Marathonweg 14"]
[Date "2014.11.15"]
[Round "3"]
[Board "6"]
[White "Gattermayer, Robert"]
[Black "Hofbauer, Peter"]
[Result "1/2-1/2"]
[WhiteElo "2013"]
[BlackElo "2041"]
[PlyCount "38"]
[EventDate "2014.10.18"]
[EventType "team"]
[EventRounds "11"]
[EventCountry "AUT"]
[WhiteTeam "ASVOE VHS Poechlarn"]
[BlackTeam "SC Donaustadt"]

1. e4 Nf6 2. e5 Nd5 3. c4 Nb6 4. d4 d6 5. f4 dxe5 6. fxe5 Nc6 7. Be3 Bf5 8. Nc3
e6 9. Nf3 Bg4 10. Qd2 Bxf3 11. gxf3 Bb4 12. a3 Bxc3 13. Qxc3 Qh4+ 14. Bf2 Qf4
15. Be2 O-O-O 16. Be3 Qh4+ 17. Bf2 Qf4 18. Be3 Qh4+ 19. Bf2 Qf4 1/2-1/2

[Event "2. Bundesliga Ost 2014/2015"]
[Site "1020 Wien, Haus des Schachsports, Marathonweg 14"]
[Date "2014.11.15"]
[Round "3"]
[Board "1"]
[White "Brod, Manfred"]
[Black "Zilka, Stepan"]
[Result "0-1"]
[WhiteElo "2266"]
[BlackElo "2521"]
[PlyCount "104"]
[EventDate "2014.10.18"]
[EventType "team"]
[EventRounds "11"]
[EventCountry "AUT"]
[WhiteTeam "ASVOE Mattersburg"]
[BlackTeam "Blackburne Nickelsdorf"]

1. e4 e5 2. Nf3 Nc6 3. d4 exd4 4. Nxd4 Nf6 5. Nxc6 bxc6 6. Bd3 d5 7. Qe2 dxe4
8. Nc3 Bb4 9. Bxe4 Nxe4 10. Qxe4+ Qe7 11. O-O Qxe4 12. Nxe4 Bf5 13. c3 Be7 14.
Re1 O-O-O 15. Bg5 Bxg5 16. Nxg5 Bg6 17. Nf3 Kb7 18. Ne5 Rd2 19. Nxg6 fxg6 20.
Rab1 Rhd8 21. Kf1 Rc2 22. Re2 Rdd2 23. Rxd2 Rxd2 24. g4 c5 25. Kg2 g5 26. Kf3
h6 27. Ke3 Rc2 28. h3 Kc6 29. f4 gxf4+ 30. Kxf4 g5+ 31. Ke4 a5 32. a4 Rf2 33.
b3 Rh2 34. Rf1 Rxh3 35. Rf6+ Kb7 36. Kd5 Rxc3 37. Rxh6 Rxb3 38. Rg6 Rc3 39. Rg7
Rc1 40. Rg6 c6+ 41. Ke5 Rd1 42. Rxg5 c4 43. Rh5 Kb6 44. Ke4 Rd5 45. Rh1 Kc5 46.
Rg1 c3 47. g5 Kc4 48. g6 c2 49. g7 Rd8 50. Ke3 Kc3 51. Ke4 Kb2 52. Rg2 Kb1 0-1

[Event "2. Bundesliga Ost 2014/2015"]
[Site "1020 Wien, Haus des Schachsports, Marathonweg 14"]
[Date "2014.11.15"]
[Round "3"]
[Board "2"]
[White "Schwarhofer, Christopher"]
[Black "Wiedner, Robert"]
[Result "1/2-1/2"]
[WhiteElo "2394"]
[BlackElo "2183"]
[PlyCount "103"]
[EventDate "2014.10.18"]
[EventType "team"]
[EventRounds "11"]
[EventCountry "AUT"]
[WhiteTeam "Blackburne Nickelsdorf"]
[BlackTeam "ASVOE Mattersburg"]

1. e4 c5 2. Nc3 Nc6 3. g3 g6 4. d3 Bg7 5. Be3 d6 6. Qd2 Bd7 7. Bg2 h5 8. h3 Nd4
9. Nd1 Bc6 10. f4 Qd7 11. c3 Ne6 12. d4 cxd4 13. cxd4 d5 14. e5 Nh6 15. Bf2 Nc7
16. Ne2 Nf5 17. O-O e6 18. g4 Ne7 19. Ne3 Bb5 20. Rfc1 Bxe2 21. Qxe2 O-O-O 22.
a4 Nc6 23. Qd2 Bf8 24. Nc2 a5 25. Bf1 hxg4 26. hxg4 f5 27. exf6 Bd6 28. g5 Qh7
29. Bg3 Qh1+ 30. Kf2 Rh2+ 31. Bxh2 Qxh2+ 32. Ke1 Qxd2+ 33. Kxd2 Bxf4+ 34. Kd3
Bxg5 35. Bh3 Bxc1 36. Rxc1 Rf8 37. Rf1 Kd7 38. Ne3 Kd6 39. Ng2 Ne7 40. Nh4 g5
41. Nf3 Rxf6 42. Nxg5 Rxf1 43. Bxf1 Nc6 44. Bh3 Ke7 45. Ke3 Kf6 46. Nh7+ Kg6
47. Nf8+ Kf7 48. Nd7 Ke7 49. Nc5 b6 50. Nd3 Ne8 51. Nf4 Ng7 52. Bxe6 1/2-1/2

[Event "2. Bundesliga Ost 2014/2015"]
[Site "1020 Wien, Haus des Schachsports, Marathonweg 14"]
[Date "2014.11.15"]
[Round "3"]
[Board "3"]
[White "Salamon, Werner"]
[Black "Lendwai, Reinhard"]
[Result "0-1"]
[WhiteElo "2116"]
[BlackElo "2347"]
[PlyCount "62"]
[EventDate "2014.10.18"]
[EventType "team"]
[EventRounds "11"]
[EventCountry "AUT"]
[WhiteTeam "ASVOE Mattersburg"]
[BlackTeam "Blackburne Nickelsdorf"]

1. e4 c5 2. Nf3 Nc6 3. d4 cxd4 4. Nxd4 Nf6 5. Nc3 d6 6. Be2 g6 7. Be3 Bg7 8.
O-O O-O 9. f4 Bd7 10. Kh1 a6 11. a4 Rc8 12. Nb3 Be6 13. Nd4 Nxd4 14. Bxd4 Qa5
15. Bf3 Rfd8 16. Qe1 Rc4 17. Rd1 Qb4 18. Bxf6 exf6 19. f5 Bd7 20. Qg3 Bc6 21.
Be2 Rd4 22. Nd5 Qxb2 23. Ne7+ Kf8 24. Nxc6 bxc6 25. Bxa6 Rxd1 26. Rxd1 Qxc2 27.
Ra1 Bh6 28. h4 Kg7 29. h5 Qd2 30. hxg6 hxg6 31. Bb7 Rh8 0-1

[Event "2. Bundesliga Ost 2014/2015"]
[Site "1020 Wien, Haus des Schachsports, Marathonweg 14"]
[Date "2014.11.15"]
[Round "3"]
[Board "4"]
[White "Pinter, Erik"]
[Black "Strodl, Joachim"]
[Result "1-0"]
[WhiteElo "2354"]
[BlackElo "2084"]
[PlyCount "75"]
[EventDate "2014.10.18"]
[EventType "team"]
[EventRounds "11"]
[EventCountry "AUT"]
[WhiteTeam "Blackburne Nickelsdorf"]
[BlackTeam "ASVOE Mattersburg"]

1. e4 g6 2. d4 Bg7 3. Nc3 c5 4. Be3 cxd4 5. Bxd4 Bxd4 6. Qxd4 Nf6 7. Nd5 O-O 8.
Nxf6+ exf6 9. O-O-O Nc6 10. Qd2 Re8 11. f3 Re5 12. Bc4 f5 13. Ne2 Qe7 14. Nc3
Qc5 15. Bb3 Na5 16. exf5 Nxb3+ 17. axb3 d5 18. fxg6 hxg6 19. Qd4 Qxd4 20. Rxd4
Be6 21. Kd2 Kg7 22. Re1 Rh5 23. h3 Rc8 24. Re3 a6 25. Ne2 g5 26. Rc3 Rhh8 27.
Rxc8 Rxc8 28. Nc3 Rc5 29. b4 Rc4 30. Rxc4 dxc4 31. Ke3 Kg6 32. Ne4 f5 33. Nd6
b5 34. Kd4 Kf6 35. Ne8+ Ke7 36. Nc7 Kd6 37. Nxe6 Kxe6 38. g3 1-0

[Event "2. Bundesliga Ost 2014/2015"]
[Site "1020 Wien, Haus des Schachsports, Marathonweg 14"]
[Date "2014.11.15"]
[Round "3"]
[Board "6"]
[White "Bachofner, Andreas"]
[Black "Ganauser, Eduard"]
[Result "1-0"]
[WhiteElo "2180"]
[BlackElo "2015"]
[PlyCount "49"]
[EventDate "2014.10.18"]
[EventType "team"]
[EventRounds "11"]
[EventCountry "AUT"]
[WhiteTeam "Blackburne Nickelsdorf"]
[BlackTeam "ASVOE Mattersburg"]

1. e4 c5 2. Nf3 Nc6 3. Nc3 e6 4. d4 cxd4 5. Nxd4 Qb6 6. Nb3 Bb4 7. Be3 Qd8 8.
a3 Bxc3+ 9. bxc3 d5 10. exd5 exd5 11. Bb5 Nge7 12. O-O O-O 13. Re1 a6 14. Bxc6
bxc6 15. Bc5 Re8 16. Nd4 Bd7 17. Qd2 Nf5 18. Rxe8+ Qxe8 19. Re1 Qd8 20. Qf4
Nxd4 21. Bxd4 Be6 22. h4 Qf8 23. Re3 c5 24. Bxg7 Kxg7 25. Rg3+ 1-0

[Event "2. Bundesliga Ost 2014/2015"]
[Site "1020 Wien, Haus des Schachsports, Marathonweg 14"]
[Date "2014.11.15"]
[Round "3"]
[Board "1"]
[White "Stohl, Igor"]
[Black "Bernasek, Jan"]
[Result "1/2-1/2"]
[WhiteElo "2501"]
[BlackElo "2533"]
[PlyCount "150"]
[EventDate "2014.10.18"]
[EventType "team"]
[EventRounds "11"]
[EventCountry "AUT"]
[WhiteTeam "SG Hietzing/Ottakring"]
[BlackTeam "Zwettl"]

1. d4 Nf6 2. c4 e6 3. Nf3 b6 4. g3 Ba6 5. b3 Bb4+ 6. Bd2 Be7 7. Nc3 d5 8. cxd5
exd5 9. Bg2 O-O 10. O-O Re8 11. Rc1 Bb7 12. Bf4 c6 13. Ne5 Nbd7 14. e4 Nf8 15.
Re1 Ne6 16. Be3 Rc8 17. exd5 cxd5 18. Qd3 Bb4 19. Red1 Qe7 20. Nb5 a6 21. Nc3
Rc7 22. Ne2 Rec8 23. Rxc7 Rxc7 24. Rc1 Rxc1+ 25. Bxc1 Qc7 26. Bb2 b5 27. Qd1
Ne4 28. Nd3 Be7 29. Qc1 Qxc1+ 30. Bxc1 b4 31. Bb2 a5 32. f3 Nd6 33. Nef4 Nxf4
34. Nxf4 Bf6 35. Kf2 Nf5 36. Ne2 Kf8 37. Bh3 Nd6 38. Ke3 Bd8 39. Nf4 Bg5 40.
Bf1 Ke7 41. Bd3 g6 42. a3 bxa3 43. Bxa3 Kd7 44. Bc1 Kc6 45. Bd2 Kb6 46. Kf2 Bf6
47. Be3 Nb5 48. Ne2 Ba6 49. Ke1 Be7 50. Nf4 Nc7 51. Bxa6 Kxa6 52. Kd2 Kb5 53.
Kd3 Bd6 54. Ne2 Bb4 55. Bf2 Ne6 56. Be3 Be1 57. Kc2 h5 58. Nf4 Nxf4 59. Bxf4 h4
60. gxh4 Bxh4 61. Bd2 Be7 62. Kd3 Bb4 63. Bf4 Be1 64. Bd6 Kc6 65. Bf4 Bb4 66.
h3 Kd7 67. Bg3 Ke6 68. Bc7 Kf5 69. Ke3 Bc3 70. Kd3 Be1 71. Ke2 Bb4 72. Ke3 g5
73. Bd8 f6 74. f4 Be1 75. fxg5 fxg5 1/2-1/2

[Event "2. Bundesliga Ost 2014/2015"]
[Site "1020 Wien, Haus des Schachsports, Marathonweg 14"]
[Date "2014.11.15"]
[Round "3"]
[Board "2"]
[White "Polak, Thomas"]
[Black "Beck, Hartmuth"]
[Result "1/2-1/2"]
[WhiteElo "2513"]
[BlackElo "2362"]
[PlyCount "54"]
[EventDate "2014.10.18"]
[EventType "team"]
[EventRounds "11"]
[EventCountry "AUT"]
[WhiteTeam "Zwettl"]
[BlackTeam "SG Hietzing/Ottakring"]

1. e4 a6 2. d4 b5 3. Nf3 Bb7 4. Bd3 Nf6 5. Qe2 e6 6. O-O c5 7. c3 Nc6 8. d5 Ne7
9. Bg5 h6 10. Bh4 exd5 11. Bxf6 gxf6 12. exd5 Bxd5 13. c4 bxc4 14. Bxc4 Be6 15.
Nc3 Qb6 16. Rad1 Bg7 17. Ne4 d5 18. Bxd5 Nxd5 19. Rxd5 O-O 20. Rd6 Qb8 21. Rfd1
Re8 22. Qd2 Qb4 23. Nc3 f5 24. Nd5 Qb8 25. Nc3 Qb4 26. Nd5 Qb8 27. Nc3 Qb4
 1/2-1/2

[Event "2. Bundesliga Ost 2014/2015"]
[Site "1020 Wien, Haus des Schachsports, Marathonweg 14"]
[Date "2014.11.15"]
[Round "3"]
[Board "3"]
[White "Penz, Harald"]
[Black "Schroll, Gerhard"]
[Result "1-0"]
[WhiteElo "2321"]
[BlackElo "2367"]
[PlyCount "133"]
[EventDate "2014.10.18"]
[EventType "team"]
[EventRounds "11"]
[EventCountry "AUT"]
[WhiteTeam "SG Hietzing/Ottakring"]
[BlackTeam "Zwettl"]

1. e4 d5 2. exd5 Qxd5 3. Nf3 Nf6 4. d4 c6 5. Be2 Bg4 6. O-O e6 7. h3 Bxf3 8.
Bxf3 Qd6 9. c4 Be7 10. Qb3 Qc7 11. Bf4 Qb6 12. Qxb6 axb6 13. Nc3 O-O 14. a3
Nbd7 15. Rfe1 Rfe8 16. Rad1 Rac8 17. Re2 Nf8 18. d5 cxd5 19. cxd5 Bxa3 20. Nb5
Bc5 21. d6 Nd5 22. Bg3 Red8 23. Bxd5 exd5 24. Rxd5 Nd7 25. Re7 Nf6 26. Rd1 Rd7
27. Rxd7 Nxd7 28. Ra1 Bb4 29. Nc7 Bd2 30. Ra7 Rb8 31. Na6 Rd8 32. Rxb7 f5 33.
Nc7 Kf7 34. Nd5 Ke6 35. Nxb6 Nxb6 36. Rxb6 f4 37. Bh4 Rxd6 38. Rxd6+ Kxd6 39.
Kf1 Bc1 40. b3 Kd5 41. Be7 Ke4 42. Ke2 Bb2 43. f3+ Kd5 44. Kd3 Bd4 45. Bd6 Be3
46. Bb4 Bb6 47. Bd2 Bc7 48. Bc3 g6 49. Bd4 Bd6 50. Ba7 Be5 51. b4 Bc7 52. Bd4
Bd6 53. b5 Bc7 54. Bf2 Be5 55. b6 Bb8 56. Bg1 Be5 57. b7 Kc6 58. Ke4 Bc7 59.
Bh2 Kxb7 60. Bxf4 Bd8 61. Kd5 Kc8 62. Ke6 Bh4 63. Kf7 Kd7 64. Bh6 Bg3 65. Kg7
Ke6 66. Kxh7 Kf7 67. Be3 1-0